000 00599nam a2200205 4500
005 20260122162138.0
008 260109b |||||||| |||| 00| 0 eng d
020 _a9789083270678
041 _aEnglish
082 _a687
_bGRA
100 _aGrant Jason
_9216283
245 _aWhat is Post-Branding ? : How to Counter Fundamentalist Marketplace Semiotics
260 _bSet Margins
_c2023
300 _a269
365 _b1695.94
_cRs.00
520 _a1. Dis-Branded 2. Mixed Messages 3. Manual 4. Context
650 _aBranding
_9119911
700 _aVodeb Oliver
_9216284
942 _cBK
999 _c369826
_d369826